| 000 | 00406nam a22001577a 4500 | ||
|---|---|---|---|
| 005 | 20241107110726.0 | ||
| 008 | 241107b |||||||| |||| 00| 0 eng d | ||
| 020 | _a9788125918288 | ||
| 050 |
_aTA 144 _bBHA |
||
| 100 | _aBhavikatti, S.S | ||
| 245 | _aElements of civil engineering | ||
| 250 | _a4th | ||
| 260 |
_aNew Delhi _bVIKAS PUBLISHING HOUSE _cc2006 |
||
| 300 |
_axii,216p _bill.; |
||
| 942 |
_2lcc _cBK _n0 |
||
| 999 |
_c787 _d787 |
||